| 000 | 00567nam a2200241Ia 4500 | ||
|---|---|---|---|
| 008 | 210210b1945 xxu||||| |||| 00| 0 eng d | ||
| 041 | _aeng | ||
| 082 | _a829/383 | ||
| 100 | _aFARMER (RHODES) | ||
| 245 | _aShanghai harvest: a dairy of three years in the china war | ||
| 260 |
_aLondon _bMuseum press ltd., _c1945 |
||
| 300 | _a294 | ||
| 650 | _ayears | ||
| 650 | _awar | ||
| 650 | _athree | ||
| 650 | _aShanghai | ||
| 650 | _aharvest: | ||
| 650 | _adairy | ||
| 650 | _achina | ||
| 650 | _aChaina | ||
| 690 | _aEnglish Literature | ||
| 906 | _a016987 | ||
| 999 |
_c124189 _d124189 |
||